Riadenie projektov informačných systémov

Enregistré dans:
Détails bibliographiques
Auteur principal: Závodný, Peter
Format: Livre
Langue:slovaque
Publié: Bratislava Vydavateľstvo EKONÓM 2003
Édition:2. vyd.
Sujets:
Tags: Ajouter un tag
Pas de tags, Soyez le premier à ajouter un tag!

MARC

LEADER 00000nam$a2200000$$$4500
001 0001449
005 20240314091338.2
020 |a 80-225-1709-7 
041 0 |a slo 
044 |a SK 
245 1 0 |a Riadenie projektov informačných systémov  |c Peter Závodný 
250 |a 2. vyd. 
264 1 |a Bratislava  |b Vydavateľstvo EKONÓM  |c 2003 
300 |a 111 s. 
610 2 0 |a systémy informačné 
610 2 0 |a riadenie projektové 
610 2 0 |a informácie 
610 2 0 |a plánovanie 
610 2 0 |a projekty 
610 2 0 |a kontrola 
610 2 0 |a riziko 
610 2 0 |a analýza sieťová 
610 2 0 |a grafy sieťové 
610 2 0 |a projektovanie 
610 2 0 |a tímy pracovné 
610 2 0 |a organizácie projekčné 
610 2 0 |a testy 
100 1 |a Závodný, Peter